000 00217 a2200097 4500
001 32715
100 _aLAW, Nuthing, A
245 _aLawrence of Arabia
260 _aLondon
_bHollis & Carter
_c
090 _c21914
_d21914
942 _aNUST-CAE
_cM
_c13241
999 _c267788
_d267788